Responses for Show #309 - Thursday, November 14, 1985

1985 Tournament of Champions quarterfinal game 4.

Contestants

[<< previous game]

Steve Rogitz, a letter carrier from Gardena, California

Paula Tupper, a law student originally from Westfield, New Jersey

Bruce Fauman, a university administrator and professor from Vancouver, British Columbia

[next game >>]

Jeopardy! Round responses

INSECTS
AMERICAN REVOLUTION
LAS VEGAS
ACTORS & ROLES
POTENT POTABLES
"STREETS"
    $100 19
swat

Steve
    $100 2
Paul Revere

Steve
    $100 3
Howard Hughes

Bruce
    $100 14
Saturday Night Fever

Bruce
    $100 1
dry

Steve
    $100 25
Wall Street

Bruce
    $200 20
as a bug in a rug

Steve
    $200 12
(Bruce: Who is Cornwallis?)

George Washington

Bruce
Triple Stumper
    $200 5
Caesar's Palace

Steve
    $200 16
Michael Jackson

Paula
    $200 4
rum

Steve
    $200 26
Carnaby Street

Bruce
    $300 21
beeline

Steve
    $300 13
West Point

Paula
    $300 6
penny

Steve
    $300 17
Queen Elizabeth I

Paula
    $300 9
Falcon Crest

Steve
    $500 27
(Bruce: What's Lonely Street?)
[The song was reprised going into the break.]

Baker Street

Bruce
    $400 22
The Blue Tail Fly

Bruce
    $400 15
France

Paula
    $400 7
Glitter Gulch

Bruce
    $400 18
Frances Farmer

Steve
    $400 10
Manhattan

Bruce
    $400 28
Mean Streets

Bruce
    $500 23
(Steve: What is a cricket?)

moths

Steve
Triple Stumper
    $500 24
(Paula: What is Independence Hall?)

Faneuil Hall

BrucePaula
    $500 8
the meadows

Triple Stumper
    $500 11
plum

Triple Stumper
    $500 29
[The end-of-round signal sounds.]

the E Street Band

Steve

Scores at the first commercial break (after clue 14):

Bruce Paula Steve
$800 $300 $1,200

Scores at the end of the Jeopardy! Round:

Bruce Paula Steve
$1,900 $700 $2,200

Double Jeopardy! Round responses

STATE MOTTOS
HIGHER EDUCATION
FAIRY TALES
10-LETTER WORDS
MAN IN SPACE
NUTS
    $200 18
God

Steve
    $200 7
much

Bruce
    $200 1
Hans Christian Andersen

Paula
    $200 23
corrugated

Bruce
    $200 10
Soviet Union

Steve
    $200 6
Beech Nut

Bruce
    $400 19
In God We Trust

Bruce
    $400 8
Oral Roberts

Bruce
    $400 2
let down her hair

Paula
    $400 27
euthanasia

Bruce
    $400 11
Steven Spielberg

Bruce
    $400 16
Georgia

Steve
    $600 24
(Paula: What is death to tyranny?)

Sic Semper Tyrannis

BrucePaula
    $600 9
Georgetown

Steve
    $600 3
The Little Red Hen

Paula
    $600 28
(Bruce: What is repertory?)
[Originally ruled correct; reversed before Final Jeopardy!]

repertoire

Bruce
Triple Stumper
    $600 13
Gemini

Steve
    $600 20
Brazil nut

Bruce
    $800 25
Michigan

Bruce
    $800 12
The Citadel

Steve
    $800 4
spindle

Paula
    $800 29
(Paula: What is a rose is a rose is a rose?)

declension

BrucePaula
    $800 14
parachutes

Bruce
    $800 21
pistachio

Paula
    $1000 26
Daniel Webster

Triple Stumper
    $1000 15
(Nicholas) Brown

Bruce
    $1000 5
malt

Triple Stumper
    $1,000 30
hinterland

Bruce
    $1000 17
(Steve: What is Soyuz?)

Salyut 7

Steve
Triple Stumper
    $1000 22
betel nuts

Paula

Scores at the end of the Double Jeopardy! Round:

Bruce Paula Steve
$9,100 $3,100 $4,000
(lock game)

Final Jeopardy! Round responses

U.S. GOVERNMENT
PaulaWho is the vice president?
$1,000
SteveWho is the chief justice?
$3,000
BruceWho is the chief justice of the supreme court?
$1,000
chief justice

Final scores:

Bruce Paula Steve
$10,100 $2,100 $7,000
Automatic semifinalist 3rd place: $1,000 if eliminated 2nd place: $1,000 if eliminated

Game dynamics:

Coryat scores:

Bruce Paula Steve
$9,600 $3,100 $4,000
23 R
(including 2 DDs),
3 W
(including 1 DD)
10 R,
3 W
17 R,
2 W

Combined Coryat: $16,700

[game clues] [game scores] [suggest correction]

Game tape date: 1985-10-28
The J! Archive is created by fans, for fans. Scraping, republication, monetization, and malicious use prohibited; this site may use cookies and collect identifying information. See terms. The Jeopardy! game show and all elements thereof, including but not limited to copyright and trademark thereto, are the property of Jeopardy Productions, Inc. and are protected under law. This website is not affiliated with, sponsored by, or operated by Jeopardy Productions, Inc. Join the discussion at JBoard.tv.